| 000 | 00412nam a2200109Ia 4500 | ||
|---|---|---|---|
| 008 | 171212s9999 xx 000 0 und d | ||
| 245 |
_ceditor Green, Nile _aAfghanistan's Islam _bFrom Conversion to the Taliban |
||
| 260 |
_bUniversity of California Press _c2017 |
||
| 650 | _aIslam -- Afghanistan -- History; Muslims -- Afghanistan -- History | ||
| 650 | _aReligion | ||
| 856 | _uhttp://jstor.org/stable/j.ctt1kc6k3q | ||
| 999 |
_c352961 _d352961 |
||